000 00606nam a2200205Ia 4500
003 BUBTL
008 151213s9999 xx 000 0 und d
020 _a0201624400
082 _a658.3/ H2451h/ 1993
100 _aHarrison, Rosemary
_92850
245 _aHuman Resource management Issues and Strategies
_cRosemary Harrison
260 _aNew York
_bAddison-Wesley
_cc1993
300 _axvi, 420p . :
_bill. ; 23cm.
500 _aIncludes Index
650 _aManagement
_92851
700 _aRosemary Harrison
_92852
856 _k0
_l0
_yDownload
942 _2ddc
_cBK
999 _c1154
_d1154